Generación de calor con microonda y alta frecuencia

Сохранить в:
Библиографические подробности
Главный автор: Fuente Fernández, Manuel De la
Формат:
Опубликовано: [San José , Costa Rica] 1986
Метки: Добавить метку
Нет меток, Требуется 1-ая метка записи!

MARC

LEADER 00000nam a2200000Ia 4500
003 003075
005 20221231144355.0
008 140114s1986 cr a m 000 ||s d
040 |c cru CEDI 
090 |a TFG 1802 
100 |a  Fuente Fernández, Manuel De la,  |9 14181 
245 |a Generación de calor con microonda y alta frecuencia 
260 |c 1986  |b [San José , Costa Rica] 
300 |a 203 hojas :ilustraciones 
500 |a Proyecto de graduación (bachiller en ingeniería eléctrica)--Universidad de Costa Rica. Facultad de Ingeniería. Escuela de Ingeniería Eléctrica."IE-502 Proyecto Eléctrico" 
942 |c TFG 
999 |c 20925  |d 20925